| 000 | 00744cam a2200229 a 4500 | ||
|---|---|---|---|
| 005 | 20260322212007.0 | ||
| 008 | data | ||
| 010 | _a 91020111 | ||
| 020 |
_a0931432820 (alk. paper) : _c{dollar}16.95 |
||
| 020 |
_a9780931432828 (alk. paper) : _c{dollar}16.95 |
||
| 040 |
_aDLC _cDLC _dDLC _dOCoLC _dDLC |
||
| 050 | 0 | 0 |
_aRM666.A68 _bW67 1991 |
| 082 | 0 | 0 |
_a615/.321 _220 |
| 092 | _a615.321 W67 1991 | ||
| 100 | 1 |
_aWorwood, Valerie Ann, _d1945- |
|
| 245 | 1 | 4 |
_aThe complete book of essential oils and aromatherapy / _cValerie Ann Worwood. |
| 260 |
_aSan Rafael, Calif. : _bNew World Library, _cc1991. |
||
| 300 |
_axvii, 423 p. ; _c23 cm. |
||
| 504 | _aIncludes bibliographical references (p. 414) and index. | ||
| 650 | 0 | _aAromatherapy. | |
| 001 | data | ||
| 999 |
_c138 _d138 |
||